00493nam a22001457a 4500003000500000038001800005082000800023100001800031245012100049264003400170300002500204650002800229700003300257856005700290NUST aNusrat Nadeem a200 aNoreen Zarish aInvestigation of Molecular Mechanisms Underlying Type 2 Diabetes Mellitus and Alzheimer’s disease/cZarish Noreen  aIslamabad;bASAB NUST;c2022. a150,p;bill;c30,cm. aPhD-Applied Biosciences aSupervisor: Dr. Attya Bhatti uhttp://10.250.8.41:8080/xmlui/handle/123456789/31986